000
00312nam a22001457a 4500
008
210526b ||||| |||| 00| 0 eng d
020
_a
0684187051
041
_a
eng
080
_a
316
082
_a
316
100
_a
50
101
_a
SOC
245
_a
Sexual Land-Scapes
_c
James D. Weinrich
942
_2
udc
_c
BK
999
_c
57656
_d
57656